000 00598nam a2200181 a 4500
001 000034235
005 20200930070906.0
008 110928s20uu sp 000 0 spa d
020 _a8460571785
040 _aDO-SdBNP
_bspa
_cBNPHU
100 1 _aHeredero, Carlos F.
_959656
245 1 0 _aCuentos de magia y conocimiento :
_bel cine de Manuel Gutíerrez Aragón /
_cCarlos F. Heredero.
260 _a[Madrid],
_c[20uu]?
300 _a135 p. :
_bil., retrs. ;
_c24 cm.
500 _aIncluye notas al pie de las páginas
500 _aIncluye datos biográficos del autor
500 _aIncluye índice
999 _c33726
_d33726